000 00958nam a22002537a 4500
999 _c122
_d122
001 004018
003 CoMeUDC004018
005 20181026183232.0
008 131125s2013 ck gr 000 0 spa d
020 _a9789587615937
040 _aCoMeUDC
_cCoMeUDC
041 0 _aspa
043 _as-ck---
082 0 4 _a658.009
_bA238
_220
245 0 3 _aLa administración del siglo XXI :
_bperspectivas para el fortalecimiento de la profesión en Colombia /
_cOscar Fernando Castellanos Domínguez... [et al.].
260 _aBogotá :
_bUniversidad Nacional de Colombia. Vicerrectoría de Investigación,
_c2013.
300 _a114 p. :
_bil., gráficas,
_c28 cm.
504 _aIncluye bibliografía.
650 1 4 _aADMINISTRACION DE EMPRESAS COMO PROFESION
_zCOLOMBIA
650 1 4 _aADMINISTRACION DE EMPRESAS
_xASPECTOS MORALES Y ETICOS
_zCOLOMBIA
650 1 4 _aCapital humano
_zCOLOMBIA
700 1 _aCastellanos Domínguez, Oscar Fernando,
_d1968-
942 _2ddc
_cBK